Había una ventana de colores : memorias y desmemorias /

Guardat en:
Dades bibliogràfiques
Autor principal: Mantero, Manuel (autor)
Format: Llibre
Idioma:espanyol
Publicat: Sevilla, España : Rd Editores, 2004, c2004
Col·lecció:(Memorias Rd Editores)
Matèries:
Etiquetes: Afegir etiqueta
Sense etiquetes, Sigues el primer a etiquetar aquest registre!

MARC

LEADER 00000nam^a2200000^a^4500
001 000194354
005 20250521000000.0
009 20260310102714.986
020 |a 84-95724-30-8 
037 |a Acervo ITESO - Biblioteca 
041 |a ESP 
082 |a 860. 92  |b MAN 
100 |a Mantero, Manuel  |e (autor) 
245 1 0 |a Había una ventana de colores :  |b memorias y desmemorias /  |c M. Mantero. 
264 4 |a Sevilla, España :  |b Rd Editores,  |c 2004, c2004 
300 |a 333 p. 
336 |a texto  |b txt  |2 rdacontenido 
337 |a sin mediación  |b n  |2 rdamedio 
338 |a volumen  |b nc  |2 rdasoporte 
440 1 |a (Memorias Rd Editores) 
649 |a XX 
650 |a Escritores Españoles -  |x Memorias 
650 |a Literatura Española -  |y Siglo XX 
650 |a Sevilla, España en la Literatura 
650 |a Sevilla, España -  |x Descripción 
650 |a Mantero, Manuel -  |x Tema Principal 
910 |a Fondo General 
920 |a Impresos - Libros 
930 |a Colección General 
940 |a Literatura 
905 |a 101 
901 |a 0500139122  |b IT1  |c LIT  |u 20250521 
902 |a https://opac.biblio.iteso.mx/vufind/Record/000194354